| 000 | 00469nam a2200181Ia 4500 | ||
|---|---|---|---|
| 005 | 20250508162641.0 | ||
| 008 | 008 250505s9999 xx 000 0 eng d | ||
| 037 | _aTextual | ||
| 040 |
_aFEDL _beng _cFEDL |
||
| 041 |
_aeng _2eng |
||
| 084 |
_a407, STU _qFEDL |
||
| 100 | _aStubbs Michael | ||
| 245 | 0 | _aEducational linguistics | |
| 260 |
_aOxford _bBaisl Blackwell _c1986 |
||
| 300 | _a286p. | ||
| 942 |
_cTEXL _h407, STU |
||
| 999 |
_c1377852 _d1377852 |
||